<?xml version="1.0" encoding="UTF-8"?>
<record
    xmlns:xsi="http://www.w3.org/2001/XMLSchema-instance"
    xsi:schemaLocation="http://www.loc.gov/MARC21/slim http://www.loc.gov/standards/marcxml/schema/MARC21slim.xsd"
    xmlns="http://www.loc.gov/MARC21/slim">

  <leader>00562    a2200205   4500</leader>
  <controlfield tag="001">066288</controlfield>
  <controlfield tag="003">OSt</controlfield>
  <controlfield tag="005">20210920144956.0</controlfield>
  <controlfield tag="008">                                        </controlfield>
  <datafield tag="082" ind1=" " ind2=" ">
    <subfield code="a">005.453</subfield>
    <subfield code="b">A61C</subfield>
  </datafield>
  <datafield tag="100" ind1="1" ind2=" ">
    <subfield code="a">Aho, Alfred V.</subfield>
  </datafield>
  <datafield tag="245" ind1="1" ind2=" ">
    <subfield code="a">Compilers</subfield>
    <subfield code="c">by Alfred V. Aho, Ravi Sethi and Jeffrey D. Ullman</subfield>
  </datafield>
  <datafield tag="250" ind1=" " ind2=" ">
    <subfield code="a">2nd ed.</subfield>
  </datafield>
  <datafield tag="260" ind1=" " ind2=" ">
    <subfield code="a">New Delhi</subfield>
    <subfield code="b">Pearson</subfield>
    <subfield code="c">2009</subfield>
  </datafield>
  <datafield tag="300" ind1=" " ind2=" ">
    <subfield code="a">1009p.</subfield>
  </datafield>
  <datafield tag="690" ind1=" " ind2=" ">
    <subfield code="a">Compilers (Computer programs); Compiling (Electronic computers)</subfield>
  </datafield>
  <datafield tag="700" ind1=" " ind2=" ">
    <subfield code="a">Sethi, Ravi</subfield>
  </datafield>
  <datafield tag="700" ind1=" " ind2=" ">
    <subfield code="a">Ullman, Jeffrey D.</subfield>
  </datafield>
  <datafield tag="942" ind1=" " ind2=" ">
    <subfield code="2">ddc</subfield>
    <subfield code="c">BK</subfield>
  </datafield>
  <datafield tag="999" ind1=" " ind2=" ">
    <subfield code="c">397</subfield>
    <subfield code="d">397</subfield>
  </datafield>
  <datafield tag="952" ind1=" " ind2=" ">
    <subfield code="0">0</subfield>
    <subfield code="1">0</subfield>
    <subfield code="4">0</subfield>
    <subfield code="7">0</subfield>
    <subfield code="8">TXB</subfield>
    <subfield code="a">CURAJ</subfield>
    <subfield code="b">CURAJ</subfield>
    <subfield code="d">2012-03-07</subfield>
    <subfield code="e">CSC</subfield>
    <subfield code="g">565.00</subfield>
    <subfield code="l">1</subfield>
    <subfield code="o">005.453 A61C</subfield>
    <subfield code="p">576</subfield>
    <subfield code="r">2025-12-16</subfield>
    <subfield code="s">2025-12-01</subfield>
    <subfield code="w">2020-09-02</subfield>
    <subfield code="y">BK</subfield>
  </datafield>
  <datafield tag="952" ind1=" " ind2=" ">
    <subfield code="0">0</subfield>
    <subfield code="1">0</subfield>
    <subfield code="4">0</subfield>
    <subfield code="7">0</subfield>
    <subfield code="8">TXB</subfield>
    <subfield code="a">CURAJ</subfield>
    <subfield code="b">CURAJ</subfield>
    <subfield code="d">2012-03-07</subfield>
    <subfield code="e">CSC</subfield>
    <subfield code="g">565.00</subfield>
    <subfield code="l">2</subfield>
    <subfield code="o">005.453 A61C</subfield>
    <subfield code="p">574</subfield>
    <subfield code="r">2025-10-10</subfield>
    <subfield code="s">2025-08-18</subfield>
    <subfield code="w">2020-09-02</subfield>
    <subfield code="y">BK</subfield>
  </datafield>
  <datafield tag="952" ind1=" " ind2=" ">
    <subfield code="0">0</subfield>
    <subfield code="1">0</subfield>
    <subfield code="4">0</subfield>
    <subfield code="7">0</subfield>
    <subfield code="8">TXB</subfield>
    <subfield code="a">CURAJ</subfield>
    <subfield code="b">CURAJ</subfield>
    <subfield code="d">2012-03-07</subfield>
    <subfield code="e">CSC</subfield>
    <subfield code="g">565.00</subfield>
    <subfield code="o">005.453 A61C</subfield>
    <subfield code="p">575</subfield>
    <subfield code="r">2024-11-21</subfield>
    <subfield code="w">2020-09-02</subfield>
    <subfield code="y">BK</subfield>
  </datafield>
</record>
